00498nam a2200169Ia 4500999001700000003000400017005001700021008004100038040000900079082001900088100002500107245007300132260004700205300000900252650002300261942004400284 c12782d12782OSt20201020092443.0190216s9999||||xx |||||||||||||| ||und|| coclc a320.954bNAY/J aNayar, Kuldip 95935 4aThe Judgement Inside Story Of The Emergency In India /cKuldip Nayar bVikas Publishing House,c1972.aNew Delhi: a228p aEnglish Literature cBK2ddch320.954iNAY/Jk320.954mNAY/J